000 00518nam a2200169Ia 4500
008 100122s9999 xx 000 0 und d
082 _b51875
_a823
100 _aहॉकी रेमंड
245 _aवाईल्ड कार्ड
250 _a0
260 _bमेहता पब्लिकेशन हाऊस
_c1996
300 _a214
630 _aवाईल्ड कार्ड
700 _aमांडे अरुण
730 _aवाईल्ड कार्ड
942 _cBOOK
999 _c429155
_d429152